5HLuxD.jpg

KING HENRY VIII SENIOR AND PRIMARY SCHOOL LIBRARY OPAC

YOU AND ME AND THE PEANUT-BUTTER BEAST (Record no. 6034)

000 -LEADER
fixed length control field 01050nam a22002177a 4500
005 - DATE AND TIME OF LATEST TRANSACTION
control field 20260127160009.0
008 - FIXED-LENGTH DATA ELEMENTS--GENERAL INFORMATION
fixed length control field 260127b ||||| |||| 00| 0 eng d
020 ## - INTERNATIONAL STANDARD BOOK NUMBER
International Standard Book Number 9781035048267
040 ## - CATALOGING SOURCE
Transcribing agency KH8
082 ## - DEWEY DECIMAL CLASSIFICATION NUMBER
Classification number 823.92
100 ## - MAIN ENTRY--PERSONAL NAME
Personal name GRIFFITHS,ANDY
Relator term AUTHOR
245 ## - TITLE STATEMENT
Title YOU AND ME AND THE PEANUT-BUTTER BEAST
260 ## - PUBLICATION, DISTRIBUTION, ETC.
Place of publication, distribution, etc. The Smithson,6 Briset Street,Londin,EC1M 5NR
Name of publisher, distributor, etc. MacMilllan Children's Books
Date of publication, distribution, etc. 2025
300 ## - PHYSICAL DESCRIPTION
Extent 277 pages
Other physical details b illustration
Dimensions 13cm x 20cm
520 ## - SUMMARY, ETC.
Summary, etc. Hey, you - yes, you! Remember when we found that really deep hole and you jumped in and I had to jump in to rescue you and at the bottom of the hole we found the cave of the legendary Peanut Butter Beast? That was one of our deepest - and most dangerous - adventures ever! What? You don't remember? Well, have I got a story for you! Let me remind you how it all went down ..and down...and down and down. - Publisher-
650 ## - SUBJECT ADDED ENTRY--TOPICAL TERM
Topical term or geographic name entry element Juvenile Fiction
Form subdivision Peanut Butter Beast
655 ## - INDEX TERM--GENRE/FORM
Genre/form data or focus term Spooky
655 ## - INDEX TERM--GENRE/FORM
Genre/form data or focus term Humour
700 ## - ADDED ENTRY--PERSONAL NAME
Personal name Hope,Bill
Relator term Illustrator
942 ## - ADDED ENTRY ELEMENTS (KOHA)
Source of classification or shelving scheme
Koha item type Books - Fiction
Holdings
Withdrawn status Lost status Source of classification or shelving scheme Damaged status Not for loan Collection code Permanent Location Current Location Shelving location Date acquired Total Checkouts Full call number Barcode Date last seen Date last checked out Price effective from Koha item type Public note
          Fiction KH8 Primary School Library KH8 Primary School Library Fiction 2026-01-27 3 FIC GRI KHPL000008251 2026-04-16 2026-04-09 2026-01-27 Books - Fiction PRIMARY LIBRARY

Powered By KH8 IT Dept